La carrière de Yohan Cabaye - Statistiques

Statistiques générales
  • Ce quiz a été pris 27 fois
  • Le résultat moyen est 3 sur 6
Statistiques - réponses
Année Match Club % Correct
2014 - 2015 57 Paris Saint Germain
96%
2004 - 2011 253 LOSC Lille
62%
2011 - 2014 93 Newcastle United
50%
2015 - 2018 109 Crystal Palace
46%
2019 - 2020 21 AS Saint-Étienne
35%
2018 - 2019 18 Al Nasr SC
0%
Aucun quiz correspondant
Distribution des résultats
% des personnes avec chaque résultat
Percentile par nombre de réponses
Votre historique - résultats
Vous n’avez pas pris ce quiz